Movies Quiz

Random Movies or Director Quiz

Filmmakers That Have Places Named For Them in LA Quiz Stats

 Plays Quiz not verified by Sporcle

Challenge
Share
Tweet
Embed
Score 0/17 Timer 06:00
0 Plays Today
% Correct
John Wayne
51.9%
George Lucas
40.7%
Walt Disney
37%
Warner Bros.
29.6%
Irving Thalberg
18.5%
Henry Fonda
18.5%
William Fox
18.5%
Billy Wilder
18.5%
Samuel Goldwyn
18.5%
% Correct
Charlie Chaplin
14.8%
Cecil B. DeMille
14.8%
Alfred Hitchcock
14.8%
David Geffen
14.8%
D. W. Griffith
7.4%
Harold Lloyd
3.7%
Mary Pickford
3.7%
Jesse L. Lasky and Cecil B. DeMille
3.7%

You're not logged in!

Compare scores with friends on all Sporcle quizzes.
OR
Log In

You Might Also Like...

Show Comments

Extras

Top Quizzes Today


Score Distribution

Your Account Isn't Verified!

In order to create a playlist on Sporcle, you need to verify the email address you used during registration. Go to your Sporcle Settings to finish the process.

Report this User

Report this user for behavior that violates our Community Guidelines.

Details: